Sustainability in the construction industry (Record no. 79959)

MARC details
000 -LEADER
fixed length control field 01296cad a22002295a 4500
001 - CONTROL NUMBER
control field L142880
008 - FIXED-LENGTH DATA ELEMENTS--GENERAL INFORMATION
fixed length control field 080317e2008 xxk f 000 0 eng d
035 ## - SYSTEM CONTROL NUMBER
System control number (Sirsi) u142880
041 0# - LANGUAGE CODE
Language code of text/sound track or separate title eng
100 1# - MAIN ENTRY--PERSONAL NAME
Personal name Ho, Francis
245 00 - TITLE STATEMENT
Title Sustainability in the construction industry
Medium [electronic resource]
260 ## - PUBLICATION, DISTRIBUTION, ETC.
Date of publication, distribution, etc. 2008
490 #0 - SERIES STATEMENT
Series statement RICS Feature
Volume/sequential designation 12 March 2008
520 ## - SUMMARY, ETC.
Summary, etc. Briefly discusses some of the issues surrounding sustainability in the construction industry. Explains the concept of sustainable development, highlights the construction perspective, and considers sustainability and development, with reference to the Code for Sustainable Homes. Considers what developers should do to achieve greater sustainability and highlights the JCT's consultation on whether contracts should deal with sustainability.
590 ## - LOCAL NOTE (RLIN)
Local note KA
650 24 - SUBJECT ADDED ENTRY--TOPICAL TERM
Topical term or geographic name entry element DCLG CODE FOR SUSTAINABLE HOMES
651 #4 - SUBJECT ADDED ENTRY--GEOGRAPHIC NAME
Geographic name United Kingdom
Chronological subdivision
690 ## - LOCAL SUBJECT ADDED ENTRY--TOPICAL TERM (OCLC, RLIN)
Topical term or geographic name as entry element BUILT ENVIRONMENT-SUSTAINABLE CONSTRUCTION
710 2# - ADDED ENTRY--CORPORATE NAME
Corporate name or jurisdiction name as entry element Cameron McKenna
9 (RLIN) 3669
856 40 - ELECTRONIC LOCATION AND ACCESS
Uniform Resource Identifier <a href="https://www.cms-cmck.com/hubbard.filesystem/files/publication/97bbac80-5950-4e88-8b46-022fa8c81d9a/presentation/publicationattachment/53357f33-ad13-4232-b537-033dcde11453/sustainabilitybulletin.pdf">https://www.cms-cmck.com/hubbard.filesystem/files/publication/97bbac80-5950-4e88-8b46-022fa8c81d9a/presentation/publicationattachment/53357f33-ad13-4232-b537-033dcde11453/sustainabilitybulletin.pdf</a>
Public note View the article free of charge at www.cms-cmck.com
942 ## - ADDED ENTRY ELEMENTS (KOHA)
Suppress in OPAC 0
Holdings
Withdrawn status Lost status Source of classification or shelving scheme Damaged status Not for loan Home library Current library Shelving location Date acquired Total Checkouts Full call number Barcode Date last seen Copy number Price effective from Koha item type
    Dewey Decimal Classification     Virtual Virtual Online 17/03/2008   ONLINE PUBLICATION 142880-2001 06/08/2019 1 06/08/2019 Journal article